• 首页
  • 本馆介绍
  • 公告通知
  • 最新文献
  • 馆藏检索
  • 电子资源
  • 读者导购
  • 参考咨询
  • 我的图书馆
  • 登录
  • 详细信息显示
  • 放入我的书架
  • 预约/预借图书
  • 作者相关作品
  • 分类相关作品
  • 丛书相关作品
  • 出版社相关作品

书目信息

  • 表格格式
  • 工作单格式
  • 卡片格式
题名:
现代汉语常用字表
    
 
作者: ;国家语言文字工作委员会汉字处 编
分册:  
出版信息: 北京   语文出版社  1988
页数: 308页
开本: 20cm
丛书名:
单 册:
中图分类: H124.1 , H1
科图分类:
主题词: 汉语
电子资源:
ISBN: 7-80006-107-8
000 00684nam0 2200229 450
001 1558764368
005 20150124161949.76
010    @a7-80006-107-8
091    @a9240.076@dCNY3.30
100    @a20130329d1988 m y0chiy0110 ea
101 0  @achi
102    @aCN@b110000
105    @ay z 000yy
200 1  @a现代汉语常用字表@9xian dai han yu chang yong zi biao@f国家语言文字工作委员会汉字处编
210    @a北京@c语文出版社@d1988
215    @a308页@d20cm
606 0  @a汉语
690    @aH124.1@v1980
690    @aH1@v4
711 02 @a国家语言文字工作委员会汉字处@9guo jia yu yan wen zi gong zuo wei yuan hui han zi chu@4编
801  0 @aCN@bTSSF@c20150124
905    @aZUCC@dH1@eJY65
    
    现代汉语常用字表/国家语言文字工作委员会汉字处编.-北京:语文出版社,1988
    308页;20cm
    
    
    ISBN 7-80006-107-8:
    
●
相关链接 在E读中查询图书 在五车中查询图书 在当当中查询图书 在豆瓣中查询图书


正题名:现代汉语常用字表     索取号:H1/JY65         预约/预借

序号 登录号 条形码 馆藏地/架位号 状态 备注
1 7842239   278422397   学院路分馆/ [索取号:H1/JY65] 在馆    
2 7842240   278422404   学院路分馆/ [索取号:H1/JY65] 在馆    
唐山师范学院图书馆 欢迎您!
大连网信软件有限公司© 版权所有